000 00511nam a2200193Ia 4500
003 GCL
008 140319s9999 xx 000 0 eng d
040 _aGCL /
_cGCL
082 0 4 _a962.053
_bG S
100 1 _aGORST, ANTHONY
245 1 0 _aTHE SUEZ CRISIS /
_cGORST, ANTHONY
700 1 _aJOHNMAN, LEWIS
260 _a[S.N] :
_bROUTLEDGE ،
_c1997
300 _a186 P
650 0 4 _aEGYPT - HISTORY - INTERVENTION 56
650 0 4 _aHISTORY
650 0 4 _aGREAT BRITAIN - FOREIGN RELTATIONS
942 _2ddc
_cBK
999 _c13216
_d13216